000 00343nam a2200133Ia 4500
008 221030s9999 xx 000 0 und d
041 _aEnglish
100 _aA. S. Tanenbbaum
245 0 _aDistributed Systems : Principles & Paradigms
_cby A. S. Tanenbbaum, M. V. Steen
260 _c0
650 _aB
700 _aM. V. Steen
942 _cBK
999 _c16298
_d16298